| 000 | 00000nam##2200000za#4500 |
| 001 | 9.573369 |
| 003 | CaOODSP |
| 005 | 20250129103332 |
| 007 | cr ||||||||||| |
| 008 | 150406|2007||||xxc|||||o f|0| 0 eng|d |
| 040 | |aCaOODSP|beng |
| 043 | |an-cn--- |
| 086 | 1 |aEn57-41/13-2007E-PDF |
| 110 | 2 |aMeteorological Service of Canada. |
| 245 | 14|aThe Americas : |h[electronic resource]|bbuilding the adaptive capacity to global environmental change / |cby Heather Auld ... [et al]. |
| 260 | |aToronto - Ontario : |bEnvironment Canada. |c2007. |
| 300 | |a16p.|breferences |
| 490 | 1 |aOccasional paper|v13 |
| 500 | |a"Summary of an International Symposium sponsored by the Inter-American Institute for Global Change Research (IAI)". |
| 590 | |a12-12-Supp|b2012-03-28 |
| 720 | 1 |aAuld, Heather |
| 775 | 08|tLes Amériques : |w(CaOODSP)9.606719 |
| 830 | #0|aOccasional paper (Canada. Industry Canada)|v13|w(CaOODSP)9.506650 |
| 856 | 40|ahttp://publications.gc.ca|qPDF|s1003 KB|uhttps://publications.gc.ca/collections/collection_2012/ec/En57-41-13-2007-eng.pdf|y13 |